Environmental Pollution (Record no. 18092)

MARC details
000 -LEADER
fixed length control field 00613nam a2200241 a 4500
020 ## - INTERNATIONAL STANDARD BOOK NUMBER
ISBN 8123748
082 00 - DEWEY DECIMAL CLASSIFICATION NUMBER
Classification number 500.80297
Author Cutter MAN
100 ## - MAIN ENTRY--AUTHOR NAME
Author name Manivasakam, N
245 ## - TITLE STATEMENT
Title Environmental Pollution
260 ## - PUBLICATION, DISTRIBUTION, ETC. (IMPRINT)
Place of publication New Delhi
Name of publisher National Book Trust, India
Year of publication 1984
300 ## - PHYSICAL DESCRIPTION
Number of Pages 160p
500 ## - GENERAL NOTE
General note includes index and biblioraphy
505 2# - FORMATTED CONTENTS NOTE
Formatted contents note Bibliography, Index
650 ## - SUBJECT ADDED ENTRY--TOPICAL TERM
Topical Term Quran and Science
942 ## - ADDED ENTRY ELEMENTS (KOHA)
Koha item type Books
700 1# -
-- Manivasakam, N
Holdings
Collection code Home library Current library Date acquired Cost, normal purchase price Full call number Accession Number Koha item type
  Henry Martyn Institute Library Henry Martyn Institute Library 06/11/2007 40.00 500.80297 MAN 11001153 Books
                   Copyright © 2026 | Henry Martyn Institute | Hyderabad | TS-500052 | INDIA | Implemented by hmi.edu.in
Hit-Count:

Powered by Koha